Chăm sóc và điều trị triệu chứng cho bệnh nhân ung thư

Sách gồm 2 phần: Phần 1: Điều trị đau và chăm sóc giảm nhẹ triệu chứng cho bệnh nhân ung thư; Phần 2: Chăm sóc bệnh nhân ung thư trong quá trình điều trị bệnh.

Na minha lista:
Detalhes bibliográficos
Autor principal: Nguyễn, Bá Đức
Formato: Livro
Idioma:Undetermined
Publicado em: Hà Nội Nxb. Hà Nội 2003
Assuntos:
Tags: Adicionar Tag
Sem tags, seja o primeiro a adicionar uma tag!
Thư viện lưu trữ: Trung tâm Học liệu Trường Đại học Cần Thơ
LEADER 00833nam a2200193Ia 4500
001 CTU_226420
008 210402s9999 xx 000 0 und d
082 |a 616.99 
082 |b Đ552 
100 |a Nguyễn, Bá Đức 
245 0 |a Chăm sóc và điều trị triệu chứng cho bệnh nhân ung thư 
245 0 |c Nguyễn Bá Đức (Chủ biên) 
260 |a Hà Nội 
260 |b Nxb. Hà Nội 
260 |c 2003 
520 |a Sách gồm 2 phần: Phần 1: Điều trị đau và chăm sóc giảm nhẹ triệu chứng cho bệnh nhân ung thư; Phần 2: Chăm sóc bệnh nhân ung thư trong quá trình điều trị bệnh. 
650 |a Cancer,Bệnh ung thư 
910 |b vtbtruc 
980 |a Trung tâm Học liệu Trường Đại học Cần Thơ